[Event "Somar's 1st Tournament"]
[Site "SchemingMind.com"]
[Date "2009.11.20"]
[Round "-"]
[White "Alicante"]
[Black "somar96"]
[Result "0-1"]
[WhiteCountry "ESP"]
[BlackCountry "POL"]
[WhiteElo "1515"]
[WhiteRD "94"]
[BlackElo "1896"]
[BlackRD "57"]
[GameID "227430"]

1. d4 Nf6 2. Nc3 d5 3. Bg5 c5 4. Bxf6 gxf6 5. Nf3 Nc6 6. e3 e6 7. Bb5 Qb6 8. O-O a6 9. Bxc6+ bxc6 10. Na4 Qa5
11. b3 cxd4 12. Nxd4 Bd7 13. Qe1 Qxe1 14. Rfxe1 c5 15. Ne2 Bd6 16. Nb6 Rb8 17. Nxd7 Kxd7 18. Red1 Rhg8 19. c4 Kc6 20. Rac1 Be5
21. f4 Bb2 22. cxd5+ exd5 23. Rc2 Ba3 24. Nd4+ Kb6 25. Nf5 Rgd8 26. Ne7 d4 27. exd4 Rxd4 28. Rxd4 cxd4 29. Nd5+ Kb5 30. Nc7+ Kb6
31. Nd5+ Kb5 32. Nxf6 d3 33. Rd2 Rd8 34. Nxh7 Bc1 35. Rd1 Bxf4 36. g3 Be3+ 37. Kg2 Rd6 38. Kf3 Bh6 39. Ke4 d2 40. Ke5 Rd8
41. Nf6 Rc8 42. Ne4 Rc1 43. Nf2 Kb4 44. Kd4 Ka3 45. Kd3 Kxa2 46. Ke2 Kxb3 47. Nd3 Kc2 48. Nxc1 dxc1=Q 49. Rxc1+ Bxc1
0-1

[Event "Somar's 1st Tournament"]
[Site "SchemingMind.com"]
[Date "2009.11.19"]
[Round "-"]
[White "lame wolf"]
[Black "Alicante"]
[Result "0-1"]
[WhiteCountry "INT"]
[BlackCountry "ESP"]
[WhiteElo "1055"]
[WhiteRD "45"]
[BlackElo "1477"]
[BlackRD "95"]
[GameID "227432"]

1. Nf3 Nc6 2. e4 e5 3. d3 Nf6 4. c3 d5 5. Bg5 Be7 6. Be3 dxe4 7. dxe4 Qxd1+ 8. Kxd1 Bg4 9. Be2 Nxe4 10. Nbd2 O-O-O
11. h3 Bh5 12. g4 Bg6 13. Ke1 Nxd2 14. Nxd2 Rhf8 15. Kf1 f5 16. g5 f4 17. Bg4+ Kb8 18. Kg2 fxe3 19. fxe3 Rxd2+ 20. Kg3 e4
21. b3 Bd6+ 22. Kh4 Ne5 23. Bh5 Nf3+ 24. Bxf3 exf3 25. Rhf1 Bd3 26. Rad1 Rxd1 27. Rxd1 Be2 28. Rd4 f2
0-1

[Event "Somar's 1st Tournament"]
[Site "SchemingMind.com"]
[Date "2009.11.19"]
[Round "-"]
[White "Efren ramos"]
[Black "Alicante"]
[Result "1-0"]
[WhiteCountry "NCA"]
[BlackCountry "ESP"]
[WhiteElo "1834"]
[WhiteRD "89"]
[BlackElo "1558"]
[BlackRD "86"]
[GameID "227433"]

1. d4 d5 2. Nf3 Nc6 3. c4 dxc4 4. e4 Bg4 5. Bxc4 e6 6. Be3 Bb4+ 7. Nc3 Nge7 8. a3 Bxc3+ 9. bxc3 O-O 10. O-O Na5
11. Be2 Bxf3 12. gxf3 a6 13. Kh1 b5 14. a4 Nc4 15. axb5 axb5 16. Bf4 Ng6 17. Bg3 f5 18. Bxc4 bxc4 19. Rxa8 Qxa8 20. Bxc7 Rc8
21. Bb6 fxe4 22. Re1 exf3 23. Rxe6 Nf4 24. Re7 Nd3 25. Qg1 g6 26. d5 Qxd5 27. Bd4 Nf4 28. Qg4 Qf5 29. Qxf5 gxf5 30. Rg7+ Kf8
31. Rxh7 Re8 32. h4 Re1+ 33. Kh2 Ne6 34. Rh5 Nxd4 35. cxd4 Re4 36. Rxf5+ Kg7 37. Kg3 Rxd4 38. Rxf3 Rd3 39. Rxd3 cxd3 40. Kf3 d2
41. Ke2 Kh6 42. Kxd2 Kh5 43. Ke3 Kxh4 44. Kf4 Kh5 45. Kf5 Kh6 46. f4 Kg7 47. Ke6 Kf8 48. f5 Ke8 49. f6 Kf8 50. f7
1-0

[Event "Somar's 1st Tournament"]
[Site "SchemingMind.com"]
[Date "2009.11.20"]
[Round "-"]
[White "smothered mate"]
[Black "Alicante"]
[Result "1-0"]
[WhiteCountry "POL"]
[BlackCountry "ESP"]
[WhiteElo "1882"]
[WhiteRD "69"]
[BlackElo "1477"]
[BlackRD "95"]
[GameID "227434"]

1. e4 e5 2. Nf3 Nc6 3. Bb5 a6 4. Bxc6 bxc6 5. O-O Nf6 6. Nxe5 Bd6 7. Nf3 Nxe4 8. Re1 f5 9. d3 O-O 10. dxe4 fxe4
11. Rxe4 Bb7 12. c3 c5 13. Qb3+ Kh8 14. Qxb7 c6 15. Bg5 Qb8 16. Qxb8 Raxb8 17. b3 a5 18. Nbd2 h6 19. Be7 Bxe7 20. Rxe7
1-0

[Event "Somar's 1st Tournament"]
[Site "SchemingMind.com"]
[Date "2009.11.20"]
[Round "-"]
[White "nammy"]
[Black "Alicante"]
[Result "0-1"]
[WhiteCountry "ENG"]
[BlackCountry "ESP"]
[WhiteElo "885"]
[WhiteRD "57"]
[BlackElo "1477"]
[BlackRD "95"]
[GameID "227435"]

1. e4 Nc6 2. d3 e5 3. Nf3 Nf6 4. Be3 d5 5. Nc3 d4 6. Bxd4 Nxd4 7. Nxe5 Bd6 8. f3 Bxe5 9. g3 Nxf3+ 10. Qxf3 Bg4
11. Qe3 O-O 12. Na4 b6 13. Rb1 Bd4 14. Qg5 h6 15. Qh4 Bf3 16. Rg1 Bxg1 17. Nc3 Ng4 18. Qh5 Qd7 19. b3 Bxh2 20. Bh3 Bxg3+
21. Kf1 Ne3+ 22. Kg1 Bxh5 23. Bxd7 Rad8 24. Bb5 Bf3 25. Rb2 f5 26. Bc4+ Nxc4 27. bxc4 fxe4 28. dxe4 Rd2 29. a4 Rg2+ 30. Kf1 Bxe4#
0-1

[Event "Somar's 1st Tournament"]
[Site "SchemingMind.com"]
[Date "2009.11.24"]
[Round "-"]
[White "dtedesco"]
[Black "Alicante"]
[Result "0-1"]
[WhiteCountry "CAN"]
[BlackCountry "ESP"]
[WhiteElo "1498"]
[WhiteRD "69"]
[BlackElo "1515"]
[BlackRD "95"]
[GameID "227436"]

1. c4 c5 2. Nc3 Nf6 3. d3 e5 4. Nf3 Nc6 5. e4 Nd4 6. Nxd4 cxd4 7. Nd5 Nxd5 8. cxd5 d6 9. Bd2 Be7 10. b4 O-O
11. Be2 Bg5 12. O-O f5 13. Bxg5 Qxg5 14. Qc2 fxe4 15. dxe4 Rf4 16. a4 a6 17. Qc7 Rf7 18. Qxd6 Bh3 19. Bf3 Rxf3 20. g3 Bxf1
21. Kxf1 Qd2
0-1

[Event "Somar's 1st Tournament"]
[Site "SchemingMind.com"]
[Date "2009.11.19"]
[Round "-"]
[White "MOIMOI"]
[Black "Alicante"]
[Result "0-1"]
[WhiteCountry "POL"]
[BlackCountry "ESP"]
[WhiteElo "1599"]
[WhiteRD "54"]
[BlackElo "1558"]
[BlackRD "86"]
[GameID "227438"]

1. e4 Nc6 2. d4 d5 3. Nc3 e6 4. Bb5 Bb4 5. a3 Bxc3+ 6. bxc3 Ne7 7. Bg5 Bd7 8. e5 a6 9. Bd3 g6 10. Bf6 O-O
11. Qc1 Nf5 12. Bxd8 Raxd8 13. g4 Nh4 14. Qe3 Ng2+ 15. Kd2 Nxe3 16. Kxe3 f6 17. Nf3 fxe5 18. dxe5 Ne7 19. Ng5 Kg7 20. h4 h6
21. Nf3 Bc6 22. Nd4 Bd7 23. Raf1 c5 24. Nf3 Bc6 25. Nd2 d4+ 26. cxd4 cxd4+ 27. Ke2 Nd5 28. Kd1 Nc3+ 29. Kc1 Bxh1 30. Rxh1 Rxf2
31. Nc4 Nb5 32. a4 Nc3 33. Nd6 b5 34. axb5 axb5 35. Nxb5 Nxb5 36. Bxb5 Rc8 37. Bd3 Rc5 38. Re1 Rf4 39. h5 Rxg4 40. hxg6 Rg3
41. Rf1 Rxd3 42. Rf7+ Kxg6 43. Re7 Kf5 44. Rh7 Rh3 45. Rf7+ Kxe5 46. Rf2 Kd5 47. Kd2 e5 48. Kc1 d3 49. Rd2 e4 50. Kb1 Rb5+
51. Ka1 Kd4 52. cxd3 Rxd3 53. Re2 e3 54. Rg2 Kc3 55. Rb2 Ra5+ 56. Ra2 Rd1#
0-1

[Event "Somar's 1st Tournament"]
[Site "SchemingMind.com"]
[Date "2009.11.20"]
[Round "-"]
[White "somar96"]
[Black "Alicante"]
[Result "1-0"]
[WhiteCountry "POL"]
[BlackCountry "ESP"]
[WhiteElo "1863"]
[WhiteRD "57"]
[BlackElo "1558"]
[BlackRD "86"]
[GameID "227439"]

1. e4 Nc6 2. d4 e6 3. Nf3 d5 4. e5 Bb4+ 5. c3 Be7 6. Bd3 a6 7. O-O h6 8. Bf4 Bg5 9. Qd2 Bxf4 10. Qxf4 Nge7
11. Nbd2 O-O 12. Rae1 Ng6 13. Bxg6 fxg6 14. Qg3 Ne7 15. h4 Qe8 16. Nh2 Nf5 17. Qh3 Qe7 18. g3 c5 19. dxc5 Qxc5 20. Nb3 Qc4
21. g4 Ne7 22. Nd4 Nc6 23. Qe3 Nxd4 24. Qxd4 Qxa2 25. b4 Bd7 26. Ra1 Qe2 27. Rfe1 Qc2 28. Rac1 Qb3 29. Nf1 Bb5 30. Ne3 Qb2
31. Rc2 Qb3 32. Qd2 Rad8 33. Rb2 Qa3 34. Reb1 Bc4 35. Qc1 Qa4 36. Ra1 Qc6 37. Qd2 Bb5 38. Qd4 g5 39. hxg5 hxg5 40. Rd1 Bc4
41. Rbd2 Rf4 42. Qa7 Bb3 43. Rc1 d4 44. Qc5 Qf3 45. cxd4 Rxg4+ 46. Nxg4 Qxg4+ 47. Kf1 Bd5 48. Qc3 Qe4 49. Re1 Qg2+ 50. Ke2 Rf8
51. Qe3 Bf3+ 52. Kd3 Rf4 53. Rc2 Bc6 54. Qd2 Bb5+ 55. Kc3 Qd5 56. Re3 Ba4 57. Kb2 Bxc2 58. Qxc2 Qxd4+ 59. Ka2 Qxb4 60. Qc8+ Kf7
61. Qd7+ Qe7 62. Qxe7+ Kxe7 63. f3 Kd7 64. Rd3+ Kc6 65. Rd6+ Kc7 66. Rxe6 Rxf3 67. Rg6 Rf7 68. Rxg5 Kd7 69. Rg6 Ke7 70. Kb3 Rf3+
71. Kc4 Kf8 72. Kd5 Rf1 73. Rb6 Rf7 74. e6 Re7 75. Kd6 g5 76. Rb1 Rh7 77. Rf1+ Ke8 78. Rc1 Kd8 79. Rg1 Rg7 80. Rh1 Rg8
81. Rh7 g4 82. Rxb7 Kc8 83. Rc7+ Kb8 84. e7 Rg6+ 85. Kd7 Rg7 86. Rc3 g3 87. Rxg3 Rxg3 88. e8=Q+ Kb7 89. Qc8+
1-0